Responses for Show #8542 - Tuesday, December 28, 2021

Amy Schneider game 20.

Contestants

[<< previous game]

Chas Abdel-Nabi, a learning developer from Decatur, Georgia

Josette Curtis, a registered dietitian from Anacortes, Washington

Amy Schneider, an engineering manager from Oakland, California (whose 19-day cash winnings total $745,200)

[next game >>]

Jeopardy! Round responses

STREETS OF AMERICA
TOOLS
ASHES TO ASHES
THE "C" TEAM
(Ken: You'll give me a team name that begins with the letter C.)
OLD WORDS
THE SPACE PROGRAM
    $200 19
Bourbon Street

Amy
    $200 13
an Allen wrench

Josette
    $200 1
Mardi Gras

Josette
    $200 7
the Celtics

Amy
    $200 14
(Ken: Yeah, that's what they used to call bedhead, I guess.)

hair

Amy
    $200 2
Apollo 12

Chas
    $400 20
[NOTE: Amy's pronunciation had a "GRO" sound at the beginning while Ken clarified it with a "Gray" beginning.]

Groening

Amy
    $400 24
a chisel

Amy
    $400 12
Monroe

Josette
    $400 8
the Cardinals

Amy
    $400 15
shoes

Amy
    $400 3
the Hubble Space Telescope

Amy
    $600 21
Delaware

Chas
    $600 25
(Ken: Yeah, [*] and snails and puppy dog tails.)

snips

Amy
    $600 28
Angela's Ashes

Josette
    $600 9
the Cornhuskers

Amy
    $600 16
woke you up

Amy
    $1,000 4
Gemini

Amy
    $800 22
Austin

Amy
    $800 26
a vise

Amy
    $800 29
potash

Amy
    $800 10
the Capitals

Chas
    $800 17
a godparent

Amy
    $800 5
Spirit

Amy
    $1000 23
Memphis

Josette
    $1000 27
plumb

Josette
    $1000 30
(Edvard) Munch

Amy
    $1000 11
the Crew

Amy
    $1000 18
drunk

Amy
    $1000 6
(Mae) Jemison

Josette

Scores at the first commercial break (after clue 15):

Amy Josette Chas
$5,000 $1,800 $1,000

Scores at the end of the Jeopardy! Round:

Amy Josette Chas
$12,400 $4,400 $1,600

Double Jeopardy! Round responses

ASIAN HISTORY
2-WORD BOOK TITLES
MY GOVERNMENT JOB
YOU NEED A VITAMIN BOOST
THAT'S BOGUS
THE SPACE PROGRAM
    $400 30
emperor

Chas
    $400 24
(Josette: What is Oliver Twist?)

David Copperfield

Josette
Triple Stumper
    $400 23
governor of Minnesota

Amy
    $400 17
scurvy

Amy
    $400 9
(Chas: A throw? What is a throw?)

a sham

Chas
Triple Stumper
    $400 4
The Mandalorian

Chas
    $200 29
khan

Amy
    $800 25
Absalom, Absalom!

Josette
    $800 12
mayor of London

Amy
    $800 18
vitamin A

Amy
    $800 10
(Chas: What is a ruse?)
...
(Ken: From hocus pocus.)

a hoax

Chas
Triple Stumper
    $800 5
Scotty

Amy
    $1200 1
the Green Revolution

Amy
    $1200 26
Vanity Fair

Amy
    $1200 15
U.S. senator

Chas
    $1200 19
beriberi

Josette
    $1200 11
(Ken: You turned around your luck in this category.)
[Laughter]

ersatz

Chas
    $1200 6
Futurama

Chas
    $1600 2
the Dutch East India Company

Chas
    $1600 27
Naked Lunch

Amy
    $1600 16
U.S. surgeon general

Josette
    $1600 20
(Ken: [After Josette picks next clue] Good for a dietitian.)

anemia

Josette
    $6,000 13
(Amy: What is... a... dummy?)

a forgery

Amy
    $1600 7
Battlestar Galactica

Amy
    $2000 3
the Uyghurs

Amy
    $2000 28
Gravity's Rainbow

Amy
    $2000 22
ambassador to the U.K.

Chas
    $2000 21
rickets

Josette
    $2000 14
prevarication

Amy
    $2000 8
Lost in Space

Amy

Scores at the end of the Double Jeopardy! Round:

Amy Josette Chas
$23,400 $11,200 $8,400
(lock game)

[wagering suggestions for these scores]

Final Jeopardy! Round responses

EUROPEAN RIVERS
(Ken: [To Chas] Makes sense, the Louvre is right there...)
...
(Ken: [To Amy] Florence, Italy, birthplace of the Renaissance.)
ChasWhat is the Seine?
$8,400
JosetteWhat is the Seine?
$5,601
AmyWhat is the Arno?
$0
the Arno

Final scores:

Amy Josette Chas
$23,400 $5,599 $0
20-day champion: $768,600 2nd place: $2,000 3rd place: $1,000

Game dynamics:

Coryat scores:

Amy Josette Chas
$29,600 $11,200 $8,400
34 R
(including 2 DDs),
1 W
(including 1 DD)
12 R,
1 W
10 R,
2 W

Combined Coryat: $49,200

[game clues] [game scores] [suggest correction]

Game tape date: 2021-10-12
The J! Archive is created by fans, for fans. Scraping, republication, monetization, and malicious use prohibited; this site may use cookies and collect identifying information. See terms. The Jeopardy! game show and all elements thereof, including but not limited to copyright and trademark thereto, are the property of Jeopardy Productions, Inc. and are protected under law. This website is not affiliated with, sponsored by, or operated by Jeopardy Productions, Inc. Join the discussion at JBoard.tv.